| 000 | 03564nam0a2200385 4500 | ||
|---|---|---|---|
| 001 | RU\NLR\BIBL_A\012592072 | ||
| 005 | 20211125110532.0 | ||
| 010 |
_a978-5-9275-3735-8 _9300 |
||
| 021 |
_aRU _bКН-П-21-029207 _9КН-П-21-2267 |
||
| 035 | _a(NLR Aleph) 012592072 | ||
| 090 |
_a12555276 _c12555276 |
||
| 100 | _a20210907d2020 u y0rusy50 ca | ||
| 101 | 0 | _arus | |
| 102 | _aRU | ||
| 105 | _aa|||j|||000zy | ||
| 181 | 0 |
_ai3 _baxxe |
|
| 182 | 0 | _an | |
| 200 | 1 |
_aПроектная деятельность в вузе: особенности сферы физической культуры и спорта _eучебное пособие _eдля студентов вузов, обучающихся на программах бакалавриата по направлению 44.03.01 Педагогическое образование, профиль "Физическая культура", 49.03.01 "Физическая культура", 49.03.02 "Физическая культура для лиц с отклонениями здоровья (адаптивная физическая культура)", 44.03.05 Педагогическое образование профиль Физическая культура и безопасность жизнедеятельности, 44.04.05 Педагогическое образование профиль Физическая культура и иностранный язык, а также на программах магистратуры по направлению 44.04.01 Педагогическое образование "Образование в области физической культуры и спорта" _fА.В. Лысенко, Д.С. Лысенко _gМинистерство образования и науки Российской Федерации, Федеральное государственное бюджетное образовательное учреждение высшего образования "Южный федеральный университет", Академия физической культуры и спрота |
|
| 203 |
_aТекст _bвизуальный _cнепосредственный |
||
| 210 |
_aРостов-на-Дону _aТаганрог _cИзд-во Южного федерального университета _d2020 |
||
| 215 |
_a131 с. _cил. _d20 |
||
| 300 | _aВ вып. дан. авт.:д.б.н., проф. А.В. Лысенко, преп. Д.С. Лысенко | ||
| 320 | _aБиблиогр.: с. 124-131 (79 назв.) | ||
| 606 | 1 |
_aУчителя физического воспитания _jУчебные издания _xПодготовка _xПроектов метод _92492922 _3RU\NLR\AUTH\6601695054 |
|
| 606 | 1 |
_aФизическая культура и спорт _jУчебные издания для высших учебных заведений _xПроектная деятельность учащихся _92492927 _3RU\NLR\AUTH\6601695056 |
|
| 686 | 1 | _aЧ489.518.267.3я7 | |
| 686 | 1 | _aЧ426.73-254я73 | |
| 686 | 1 | _aЧ486.73-254я73 | |
| 700 | 1 |
_aЛысенко _bА. В. _cд-р биол. наук _gАлла Викторовна _9144795 _3RU\NLR\AUTH\770144831 |
|
| 701 | 1 |
_aЛысенко _bД. С. _cпреподаватель, безопасность жизнедеятельности _gДмитрий Сергеевич _9144793 _3RU\NLR\AUTH\770144829 |
|
| 942 | _cBOOK | ||
| 980 | _aNBR | ||
| 980 | _aNB | ||